[Event "Régionale 1 - EFE - Bar-Le-Duc"]
[Site "?"]
[Date "2007.01.21"]
[Round "4.2"]
[White "Durrmeyer, Jean-Pierre"]
[Black "Baillot, Justin"]
[Result "0-1"]
[WhiteElo "1820"]
[BlackElo "1950"]
[PlyCount "62"]
[SourceDate "2006.10.14"]

1. e4 c6 2. d4 d5 3. Nc3 dxe4 4. Nxe4 Nf6 5. Nxf6+ gxf6 6. Bc4 h5 7. c3 Qb6 8.
Be2 Bf5 9. Bxh5 Nd7 10. Bg4 Bxg4 11. Qxg4 O-O-O 12. Ne2 e6 13. g3 f5 14. Qf3
Nf6 15. b3 Ne4 16. g4 Nd6 17. Bg5 {Diagramme #} 17... fxg4 $6 (17... Re8 18.
Bf6 fxg4 19. Qxg4 $14) 18. Qxg4 $6 (18. Bxd8 gxf3 19. Bxb6 axb6 20. Ng1 Ne4 21.
Rc1 Rh5 22. Rc2 $18) 18... Rd7 19. Bf6 Rh6 20. Qf3 Nf5 21. Bg5 Rg6 22. h4 Qa5
23. Bd2 Bh6 24. Nf4 Rg8 25. a4 Bxf4 26. Qxf4 Qd5 27. f3 Qxb3 28. Kf2 f6 {
Diagramme #} 29. Rab1 $6 (29. Rag1 Rgd8 30. h5 Nxd4 31. cxd4 Rxd4 32. Qxf6 $19)
29... Qd5 $6 (29... Qc2 30. Rbc1 Qd3 31. Rcg1 Rxg1 32. Rxg1 e5 $19) 30. Qe4 $4
(30. Rbg1 Rgd8 31. Re1 Qa2 32. Re2 $17) 30... Qa2 (30... Ng3 31. Qxd5 Nxh1+ 32.
Rxh1 Rxd5 $19) 31. Qf4 $4 (31. Qd3 Rdg7 32. Rh2 Qxa4 33. h5 Qa3 $19) 31... e5
$1 {Diagramme #} 0-1

[Event "Régionale 1 - EFE - Bar-Le-Duc"]
[Site "?"]
[Date "2007.01.21"]
[Round "4.3"]
[White "Martinez, Patrick"]
[Black "Jacquot, Eric"]
[Result "1/2-1/2"]
[WhiteElo "1980"]
[BlackElo "1780"]
[PlyCount "62"]
[SourceDate "2006.10.14"]

1. Nf3 Nf6 2. g3 d6 3. Bg2 g6 4. c4 Bg7 5. Nc3 c5 6. d4 cxd4 7. Nxd4 O-O 8. O-O
Nbd7 9. Bg5 Rb8 10. Ndb5 a6 11. Na7 Ne5 12. Nxc8 Qxc8 13. Bxf6 Bxf6 14. Nd5 Nd7
15. Bh3 e6 16. Nxf6+ Nxf6 17. Qxd6 Qxc4 18. Qe5 Nd7 19. Qe3 Qb5 20. Rfd1 Nf6 {
Diagramme # (=)} 21. Qd4 Nd5 22. e4 Ne7 23. Qf6 Nc6 24. Bf1 Qb6 25. Rd7 Rbd8 {
(=)} 26. Rad1 Rxd7 27. Rxd7 Nb8 28. Rd3 Qb4 29. f3 Nc6 30. h4 Qc5+ 31. Kg2 Qc2+
1/2-1/2

[Event "Régionale 1 - EFE - Bar-Le-Duc"]
[Site "?"]
[Date "2007.01.21"]
[Round "4.4"]
[White "Fraiche, Pierre"]
[Black "Paturaux, Laurent"]
[Result "1-0"]
[WhiteElo "1770"]
[BlackElo "1900"]
[PlyCount "65"]
[SourceDate "2006.10.14"]

1. d4 d6 2. c4 g6 3. e4 Bg7 4. Nc3 Nf6 5. Nf3 O-O 6. Be2 Nbd7 7. O-O c5 8. d5
a6 9. a4 b6 10. Rb1 a5 11. Qc2 Ba6 12. h3 Ne8 13. Bf4 Nc7 14. Rfd1 Ne5 15. Nxe5
dxe5 16. Be3 Ne8 17. Qd2 Nd6 18. b3 Bc8 19. Bh6 f5 20. Bxg7 Kxg7 21. Bf3 fxe4
22. Bxe4 Rf4 23. Qe3 {Diagramme #} 23... Nxe4 $6 (23... Qf8 24. Rf1 Qf6 25.
Rbe1 Bf5 26. Bxf5 Rxf5 $16) 24. Nxe4 Bf5 $6 (24... Kg8 25. Ng3 Qd6 26. Rd2 Bf5
$16) 25. Ng5 $6 (25. Nxc5 Qd6 (25... bxc5 26. Qxe5+ Kg8 27. Qxf4) 26. Nd3 Re4
27. Qf3 $18) 25... Qd6 26. Ne6+ Bxe6 27. dxe6 Qxe6 28. Rd5 Kf6 $6 (28... Rf5
29. g4 Rf7 30. Rxe5 Qd7 31. Re6 Raf8 32. Re1 $16) 29. Re1 Rf5 30. g4 Rg5 31. f4
Rxg4+ 32. Kh2 {Diagramme #} 32... Rxf4 $4 (32... Rh4 33. Rxe5 Qg4 34. Qc3 Qxf4+
35. Kg2 Rg4+ 36. Kh1 (36. hxg4 Qxg4+ 37. Qg3 Qxg3+ 38. Kxg3) 36... Ra7 37.
Rxe7+ $18) 33. Rxe5 1-0

[Event "Régionale 1 - EFE - Bar-Le-Duc"]
[Site "?"]
[Date "2007.01.21"]
[Round "4.5"]
[White "Maggi, Gwen"]
[Black "Bietzer, Jean-Pierre"]
[Result "1-0"]
[WhiteElo "1957"]
[BlackElo "1600"]
[PlyCount "83"]
[SourceDate "2006.10.14"]

1. e4 Nf6 2. e5 Nd5 3. Nf3 d6 4. d4 Bg4 5. Bc4 c6 6. O-O e6 7. Nbd2 Nb6 8. Bd3
N8d7 9. exd6 Bxd6 10. Ne4 Qc7 11. h3 Bh5 12. Be3 Nd5 13. Nxd6+ Qxd6 14. c4 Nxe3
15. fxe3 Qg3 16. Qe1 Qxe1 17. Raxe1 Bxf3 18. gxf3 O-O-O 19. b4 Nb6 20. Rd1 Rd7
21. f4 f5 22. Kf2 Rg8 23. Rg1 h6 $6 24. Rg6 Re7 {Diagramme #} 25. Rxe6 $1 Rge8
$4 (25... Rxe6 26. Bxf5 Kd7 27. d5 Nxd5 28. cxd5 cxd5 29. Rxd5+ Ke7 30. Bxe6
Kxe6 31. Ra5 $18) (25... Rf7 26. Rg1 Rd8 27. b5 cxb5 28. cxb5 Rdd7 $18) 26.
Rxe7 Rxe7 27. Bxf5+ Kc7 28. Bd3 g5 29. fxg5 Rf7+ 30. Kg3 Rg7 31. g6 Nc8 32. Rf1
Nd6 33. Kg4 Re7 34. Rf3 Ne8 35. Rf7 Kd8 36. Rxe7 Kxe7 37. Kh5 Kf8 38. Kxh6 Ng7
39. h4 Kg8 40. h5 Ne8 41. Bf5 Nd6 42. Be6+ 1-0

[Event "Régionale 1 - EFE - Bar-Le-Duc"]
[Site "?"]
[Date "2007.01.21"]
[Round "4.6"]
[White "Charoy, Franck"]
[Black "Bazille, Reynald"]
[Result "0-1"]
[WhiteElo "1570"]
[BlackElo "1850"]
[PlyCount "54"]
[SourceDate "2006.10.14"]

1. e4 e6 2. d4 d5 3. Nc3 Nf6 4. Bg5 h6 5. Bh4 g5 6. Bg3 dxe4 7. Be5 Nbd7 8. a3
Nxe5 9. dxe5 Qxd1+ 10. Rxd1 Nd7 {Diagramme #} 11. Rxd7 $4 (11. Nxe4 Bg7 $15)
11... Bxd7 12. Nxe4 Bg7 13. Nf6+ Bxf6 14. exf6 O-O-O 15. Nf3 Rhf8 16. Ne5 Bc6
$6 (16... Ba4 17. b3 Rd4 18. Be2 Be8 $19) 17. c4 $6 (17. Nxc6 bxc6 18. h4 g4
19. Ba6+ Kd7 $19) 17... Rd4 18. f3 Rf4 19. Be2 Rxf6 20. Ng4 Rf4 21. Nxh6 f5 {
Diagramme #} 22. O-O $6 (22. g3 Rd4 23. h3 Kd8 $19) 22... Rh4 23. Ng4 fxg4 24.
fxg4 Rxf1+ 25. Kxf1 Rxh2 26. Bf3 $6 (26. b4 Rxg2 27. b5 Be4 28. Ke1 b6 $19)
26... Bxf3 27. gxf3 Rxb2 0-1

[Event "Régionale 1 - EFE - Bar-Le-Duc"]
[Site "?"]
[Date "2007.01.21"]
[Round "4.7"]
[White "Becker, Pierre"]
[Black "Leroy, Francis"]
[Result "1-0"]
[WhiteElo "1800"]
[BlackElo "1530"]
[PlyCount "47"]
[SourceDate "2006.10.14"]

1. e4 d6 2. d4 Nf6 3. Nc3 g6 4. Nf3 Bg4 5. h3 Bxf3 6. Qxf3 Bg7 $6 (6... c6 7.
Bf4 Bg7 $16) 7. e5 dxe5 8. dxe5 Nfd7 9. Qxb7 Nc6 $4 (9... Nb6 10. Bf4 O-O 11.
Qe4 e6 12. Rd1 N8d7 $18) 10. Qxc6 Bxe5 11. Bh6 Bxc3+ 12. bxc3 (12. Qxc3 f6 13.
Bb5 Rb8 14. Bc6 Rb6 15. O-O-O Rxc6 16. Qxc6 $18) 12... Rb8 13. Rd1 Rb6 14. Qa4
Re6+ 15. Be3 Qc8 16. Be2 a6 17. Bg4 f5 18. Be2 Rd6 19. O-O {Diagramme #} 19...
Rf8 20. Bc5 Rxd1 21. Rxd1 Rf6 22. Bf3 c6 23. Ba3 Ne5 24. Be2 {Black's flag fell
} 1-0

[Event "Régionale 1 - EFE - Bar-Le-Duc"]
[Site "?"]
[Date "2007.01.21"]
[Round "4.8"]
[White "Althuser, Pierre"]
[Black "Pierrot, Philippe"]
[Result "0-1"]
[WhiteElo "1199"]
[BlackElo "1740"]
[PlyCount "68"]
[SourceDate "2006.10.14"]

1. e4 d6 2. Bc4 g6 3. d3 Bg7 4. Bg5 $6 c6 $6 (4... Bxb2 5. Nd2 Bxa1 6. Qxa1 $19
) 5. Nf3 $6 (5. Nc3 d5 6. Bb3 Bxc3+ 7. bxc3 $14) 5... Bxb2 6. Nbd2 Bg7 $6 (6...
Bxa1 7. Qxa1 f6 8. Be3 $19) 7. Rb1 Nf6 8. e5 dxe5 9. Nxe5 O-O 10. O-O Nd5 11.
Qe1 $6 (11. Bxd5 cxd5 12. Nef3 Nc6 $16) 11... Bxe5 12. Bh6 Bg7 13. Bg5 Qc7 14.
g3 Bh3 15. Bxd5 cxd5 {Diagramme #} 16. Rc1 $6 (16. Qxe7 Qxc2 17. Qxb7 Bxf1 18.
Qxa8 Nc6 19. Qb7 $19) 16... Bxf1 17. Nxf1 Nc6 18. Bf4 Qa5 19. c3 d4 20. Bd2
dxc3 21. Bxc3 Bxc3 22. Rxc3 Ne5 $6 (22... Nd4 23. Qxe7 (23. Kg2 Rac8 24. Rc1
Qd5+ 25. Kh3 (25. Kg1 Nf3+ 26. Kh1 Nxe1+ 27. f3 Qxf3+ 28. Kg1 Qg2#) 25... Rxc1
26. Qxc1 Ne2 27. Ne3 Qe6+ $19) 23... Qxc3 24. Qxb7 $19) 23. Qc1 Qd8 24. Qc2 $6
(24. Qf4 Qd5 25. Qe4 Rad8 $19) 24... Rc8 25. Ne3 Nf3+ 26. Kf1 Rxc3 27. Qxc3 Qd4
28. Qa3 Nxh2+ 29. Kg2 Ng4 {Diagramme #} 30. Nd1 $6 (30. Nxg4 Qxg4 31. Qxe7 Qc8
32. Qe3 $19) 30... Rd8 (30... Qd5+ 31. f3 Rd8 32. Qc1 Qxa2+ 33. Qb2 Qxb2+ 34.
Nxb2 $19) 31. f3 Ne3+ 32. Nxe3 Qxe3 33. Qc3 Qxd3 34. Qxd3 Rxd3 0-1

[Event "Régionale 1 - Rosselange - EFE"]
[Site "?"]
[Date "2007.02.11"]
[Round "5.1"]
[White "Egrotti, Marc-Antoine"]
[Black "Nolot, Vivien"]
[Result "0-1"]
[WhiteElo "1630"]
[BlackElo "1975"]
[PlyCount "72"]
[SourceDate "2006.10.14"]

1. e4 c5 2. Nf3 Nc6 3. Nc3 a6 4. Be2 g6 5. b3 Bg7 6. Bb2 b5 7. Qc1 Nf6 8. d3
O-O 9. h3 Bb7 10. O-O e6 11. Nh2 d5 12. exd5 exd5 13. Ng4 Nd4 14. Bd1 Bc8 15.
Nxf6+ Bxf6 16. Ne2 Bg5 17. f4 Nxe2+ 18. Bxe2 Bh6 19. Qe3 d4 20. Qg3 Ra7 21. f5
Be3+ 22. Kh1 Bb7 23. f6 Re8 {Diagramme #} 24. Bc1 $4 (24. Bf3 Bxf3 25. Rxf3 Qc7
26. Qxc7 Rxc7 $11) 24... Bxc1 25. Raxc1 Rxe2 {Diagramme #} 26. Rf3 $4 (26. Rf2
Re3 27. Qh4 h5 28. Kg1 Qd5 29. Qf4 Kh7 30. c4 bxc4 31. bxc4 Qc6 $19) 26... Bxf3
27. Qxf3 Qe8 28. Rf1 h6 29. Qf4 g5 30. Qg4 Re1 31. Kg1 Rxf1+ 32. Kxf1 Qe6 33.
Qf3 Rc7 34. Qa8+ Rc8 35. Qf3 Rc6 36. Kg1 Qe3+ 0-1

[Event "Régionale 1 - Rosselange - EFE"]
[Site "?"]
[Date "2007.02.11"]
[Round "5.2"]
[White "Baillot, Justin"]
[Black "Oberti, Gilles"]
[Result "1-0"]
[WhiteElo "1950"]
[BlackElo "1540"]
[PlyCount "53"]
[SourceDate "2006.10.14"]

1. e4 e5 2. Nf3 Nc6 3. Bc4 Bc5 4. b4 Bxb4 5. c3 Ba5 6. O-O Nf6 7. d4 O-O 8. Ba3
Re8 9. Qb3 {Diagramme #} 9... d6 $4 (9... exd4 10. Bxf7+ Kh8 11. Bxe8 Qxe8 12.
cxd4 Qxe4 $14) 10. Bxf7+ Kh8 11. Bxe8 Qxe8 12. d5 Ne7 13. Nbd2 h6 14. Rfe1 b5
15. Rac1 Bg4 16. Bb4 Bb6 17. c4 a5 18. c5 {Diagramme #} 18... a4 $6 (18... Ba7
19. cxd6 axb4 20. dxe7 Qxe7 $18) 19. Qa3 dxc5 20. Bxc5 Bxc5 21. Qxc5 Rc8 22.
Nxe5 {Diagramme #} 22... Bd7 $4 (22... Bh5 23. Ndf3 Ng6 24. Nxg6+ Qxg6 25. Ne5
Qg5 26. d6 c6 27. Qd4 Kh7 $18) 23. Qxe7 Kg8 24. Qxe8+ Bxe8 25. d6 c6 26. Re3
Nd7 27. Rxc6 1-0

[Event "Régionale 1 - Rosselange - EFE"]
[Site "?"]
[Date "2007.02.11"]
[Round "5.3"]
[White "Velati, Nicolas"]
[Black "Martinez, Patrick"]
[Result "0-1"]
[WhiteElo "1330"]
[BlackElo "1980"]
[PlyCount "32"]
[SourceDate "2006.10.14"]

1. e4 d6 2. Nf3 Nf6 3. Nc3 g6 4. Bc4 Bg7 5. d3 O-O 6. Be3 c5 7. O-O Nc6 8. b3
Ng4 9. Bd2 Nge5 10. Re1 $6 (10. Nxe5 Bxe5 11. a4 e6 $11) 10... Bg4 11. Nd5 Nd4
{Diagramme #} 12. Kf1 $6 (12. Re3 Bh6 13. Bc3 e6 14. Bxd4 cxd4 15. Re1 exd5 16.
exd5 Qf6 17. Rxe5 dxe5 $19) 12... Nexf3 13. gxf3 Nxf3 14. Qc1 e6 15. Ne3 Nxh2+
16. Kg2 {Diagramme #} 16... Bf3+ $19 (16... Bf3+ 17. Kxh2 (17. Kh3 Qg5 18. Qb2
Qh5+ 19. Kg3 Bxb2 20. Bc3 g5 21. Nf5 Qg4+ 22. Kxh2 Qg2#) (17. Kg3 Qg5+ 18. Kxh2
Qh4+ 19. Kg1 Qh1#) (17. Kg1 Qg5+ 18. Ng4 Qxg4+ 19. Kxh2 Qg2#) 17... Qh4+ 18.
Kg1 Qh1#) 0-1

[Event "Régionale 1 - Rosselange - EFE"]
[Site "?"]
[Date "2007.02.11"]
[Round "5.4"]
[White "Paturaux, Laurent"]
[Black "Rizzo, Dominique"]
[Result "1-0"]
[WhiteElo "1900"]
[BlackElo "1210"]
[PlyCount "85"]
[SourceDate "2006.10.14"]

1. Nf3 d5 2. d4 Nc6 3. c4 Nf6 4. Nc3 Bf5 5. e3 e6 6. Bd2 Be7 7. h3 h6 8. Be2
Ne4 9. cxd5 Nxc3 10. bxc3 exd5 11. c4 {Diagramme #} 11... Bb4 $6 (11... Rb8 12.
Qb3 dxc4 13. Bxc4 O-O $11) 12. Bxb4 Nxb4 13. Qa4+ Nc6 14. Ne5 Bd7 15. Nxd7 Qxd7
16. cxd5 Qxd5 17. Bf3 Qa5+ 18. Qxa5 Nxa5 19. Rc1 O-O-O 20. O-O Rd6 21. Rc5 b6
22. Rc3 Rhd8 23. Rfc1 {Diagramme #} 23... Kb8 $6 (23... c6 24. Bxc6 Nxc6 25.
Rxc6+ Rxc6 26. Rxc6+ Kd7 $16) 24. Rxc7 R6d7 25. R7c3 Nb7 26. Bg4 Nd6 27. Bxd7
Rxd7 28. f3 f5 29. a4 Rd8 30. Kf2 Rc8 31. Rxc8+ Nxc8 32. e4 f4 33. g3 g5 34. h4
Kb7 35. Rxc8 Kxc8 36. hxg5 hxg5 37. gxf4 gxf4 38. Ke2 Kd7 39. Kd3 Kd6 40. Kc4
a6 41. Kb4 Kc6 42. Kc4 a5 43. e5 1-0

[Event "Régionale 1 - Rosselange - EFE"]
[Site "?"]
[Date "2007.02.11"]
[Round "5.5"]
[White "Massing, Alexandre"]
[Black "Bazille, Reynald"]
[Result "0-1"]
[WhiteElo "1190"]
[BlackElo "1850"]
[PlyCount "94"]
[SourceDate "2006.10.14"]

1. e4 e6 2. d4 d5 3. e5 c5 4. c3 Nc6 5. Nf3 Qb6 6. Qa4 Bd7 7. Bb5 a6 8. Bxc6
Bxc6 9. Qd1 Ne7 {Diagramme #} 10. Be3 $4 (10. dxc5 Qxc5 11. Nd4 Nf5 $11) 10...
Qxb2 11. Nbd2 Qxc3 12. O-O Nf5 13. Nb3 Nxe3 14. fxe3 Qxe3+ 15. Rf2 Ba4 16. dxc5
Bxc5 17. Nfd4 (17. Qc2 Bxb3 18. axb3 Qxf2+ 19. Qxf2 Bxf2+ 20. Kxf2 $19) 17...
Bxd4 $4 (17... Bxb3 18. Nxb3 Qxf2+ 19. Kh1 Be3 20. Nc1 $19) 18. Qxd4 Qxd4 19.
Nxd4 O-O 20. Rb1 Rab8 21. Rb4 b5 22. Nc6 Rb7 23. Na5 Rc7 24. Rg4 Rc1+ 25. Rf1
Rfc8 26. h3 Rxf1+ 27. Kxf1 Rc1+ 28. Kf2 Rc2+ 29. Kf3 Rxa2 30. Kg3 Bd1 31. Rd4
Rxa5 32. Rxd1 Ra4 33. Rc1 Rc4 34. Ra1 Ra4 35. Rc1 g6 36. h4 b4 37. Kg4 h5+ 38.
Kg5 Kg7 39. g4 hxg4 40. Kxg4 b3+ 41. Kg5 Re4 42. Rb1 Rxe5+ 43. Kg4 Re4+ 44. Kg5
{Diagramme #} 44... f5 $4 (44... f6#) 45. Rg1 Rg4+ (45... b2 46. h5 b1=Q 47.
h6+ Kf7 48. h7 Qxg1+ 49. Kh6 Qc1#) 46. Rxg4 fxg4 47. Kxg4 b2 0-1

[Event "Régionale 1 - Rosselange - EFE"]
[Site "?"]
[Date "2007.02.11"]
[Round "5.6"]
[White "Becker, Pierre"]
[Black "Candalh, Loïc"]
[Result "1-0"]
[WhiteElo "1800"]
[BlackElo "1200"]
[PlyCount "59"]
[SourceDate "2006.10.14"]

1. e4 e5 2. Nf3 Nc6 3. Bc4 Bc5 4. d3 d6 5. Ng5 (5. Nc3 Bg4 6. Bg5 Nge7 7. h3
Be6 $11) 5... Nh6 6. c3 f6 $6 (6... O-O 7. Nf3 Qf6 8. b4 Bb6 9. Bg5 Qg6 10. O-O
$11) 7. Ne6 (7. Qh5+ Ke7 8. Nf7 Qe8 9. Bxh6 gxh6 10. Qf3 Rg8 11. Nxh6 Rg5 12.
a4 $18) 7... Bxe6 8. Bxe6 Qe7 9. Bd5 Qd7 10. Bxh6 gxh6 11. Qh5+ Kd8 12. Qxh6 {
Diagramme #} 12... Ne7 $4 (12... Qe7 13. Qh3 Qg7 14. Nd2 Ne7 15. Bxb7 Rb8 16.
b4 Bxb4 17. cxb4 Rxb7 $18) 13. Qxf6 Re8 14. b4 Bb6 15. Bxb7 Rb8 16. Bd5 c6 17.
Be6 Qc7 {Diagramme #} 18. a4 (18. Na3 c5 19. Nb5 Qc6 20. a4 Bc7 21. Bf7 Rf8 22.
Qg7 Rxf7 23. Qxf7 cxb4 24. cxb4 Rxb5 25. axb5 Qc3+ 26. Ke2 Qc2+ 27. Kf1 Qxd3+
28. Kg1 Qxe4 29. h4 $18) (18. Nd2 a5 19. Nf3 h6 20. Qxh6 axb4 21. Qf6 Qa7 22.
O-O bxc3 23. Ng5 Kc7 $18) 18... a6 19. a5 Ba7 20. Na3 c5 21. bxc5 (21. O-O cxb4
22. cxb4 Rxb4 23. Rfc1 Bc5 24. Nc4 h5 $18) (21. Nc4 cxb4 22. cxb4 Rxb4 23. O-O
Bd4 24. Rac1 Bc5 25. Nb6 Rb2 $18) 21... Bxc5 22. Nc4 Rb3 23. Rc1 (23. Nxe5
Bxf2+ 24. Kd1 dxe5 25. Bxb3 Bc5 26. Qxa6 Rf8 27. Qa8+ Nc8 28. a6 Rf6 29. Qd5+
Bd6 30. Bc4 Qa7 31. Rb1 Ne7 32. Qb7 Bc5 33. Qxa7 Bxa7 $18) 23... Ba3 24. Nxa3 (
24. Ra1 Rxc3 25. O-O Bc5 26. Rab1 Rxd3 27. Rfd1 Rxd1+ 28. Rxd1 Bd4 $18) 24...
Rxa3 25. Bc4 {Diagramme #} 25... Qxa5 $4 (25... Rxa5 26. O-O Kc8 27. Rb1 Kd7
28. Rb3 Kc6 29. d4 Kd7 30. Rfb1 Qxc4 31. Rb7+ Qc7 $18) 26. Qxd6+ Kc8 27. Be6+ (
27. Rb1 Rb3 28. Rxb3 Qa1+ 29. Kd2 Qa2+ 30. Ke3 Nf5+ 31. exf5 Qxb3 32. Bxa6+ Qb7
33. Bxb7+ Kxb7 34. Rb1+ Kc8 35. Rb8#) 27... Kb7 28. Rb1+ Ka7 (28... Qb5 29. O-O
Ra5 30. c4 Qxb1 31. Rxb1+ Rb5 32. cxb5 a5 33. b6 Nc6 34. Qc7+ Ka8 35. Bd5 Rb8
36. Qa7#) 29. Qd7+ Ka8 (29... Qc7 30. Qxc7+ Ka8 31. Qb7#) 30. Qb7# 1-0

[Event "Régionale 1 - Rosselange - EFE"]
[Site "?"]
[Date "2007.02.11"]
[Round "5.7"]
[White "Mathy, Nicolas"]
[Black "Magnenet, Raphaël"]
[Result "0-1"]
[WhiteElo "1050"]
[BlackElo "1380"]
[PlyCount "58"]
[SourceDate "2006.10.14"]

1. e4 e5 2. Bc4 Nf6 3. Nf3 Nc6 4. d3 h6 5. h3 Bc5 6. Nc3 O-O 7. a3 Qe7 8. O-O
d6 9. Na4 Be6 10. Nxc5 dxc5 11. Bd2 Bxc4 12. dxc4 Nxe4 13. Be3 Rad8 14. Qe2 a6
15. Nd2 Nxd2 16. Bxd2 Nd4 {Diagramme #} 17. Qe3 $4 (17. Qg4 f5 18. Qd1 Qe6 19.
c3 Nc6 $19) 17... Nxc2 18. Rac1 $4 (18. Qe2 Nxa1 19. Rxa1 f5 $19) 18... Nxe3
19. Bxe3 Rd7 20. Rc3 c6 21. Bc1 b5 22. cxb5 cxb5 23. Rg3 Qf6 24. Be3 Rd5 25.
Rc1 e4 26. Bxc5 Qxb2 {Diagramme #} 27. Re1 $4 (27. Rgc3 Rc8 28. Kh1 (28. Kh2
Rcxc5 29. Rxc5 Qe5+ 30. Kg1 Rxc5 $19) 28... Rd3 29. R3c2 Rd1+ 30. Rxd1 Qxc2 $19
) 27... Rxc5 28. Rxe4 Qb1+ 29. Kh2 Qxe4 0-1

[Event "Régionale 1 - Verdun - EFE"]
[Site "?"]
[Date "2007.03.04"]
[Round "6.1"]
[White "Messager, Fabien"]
[Black "Baillot, Justin"]
[Result "1/2-1/2"]
[WhiteElo "1950"]
[BlackElo "1950"]
[PlyCount "28"]
[SourceDate "2006.10.14"]

1. Nf3 Nf6 2. b3 d5 3. Bb2 c5 4. e3 Nc6 5. c4 e6 6. Be2 Be7 7. O-O dxc4 8. Bxc4
O-O 9. d4 cxd4 10. Nxd4 Bd7 11. Nc3 a6 12. Nxc6 Bxc6 13. Qxd8 Rfxd8 14. Rfd1
Kf8 {Diagramme #} 1/2-1/2

[Event "Régionale 1 - Verdun - EFE"]
[Site "?"]
[Date "2007.03.04"]
[Round "6.2"]
[White "Nolot, Vivien"]
[Black "Matschek, Norbert"]
[Result "1-0"]
[WhiteElo "1975"]
[BlackElo "1774"]
[PlyCount "75"]
[SourceDate "2006.10.14"]

1. e4 g6 2. f4 Bg7 3. Bc4 d6 4. Nf3 c6 5. Nc3 b5 6. Bb3 b4 7. Nd5 a5 (7... cxd5
8. Bxd5 Bd7 9. Bxa8 $18) 8. Ne3 a4 9. Bc4 a3 10. Rb1 Nf6 11. bxa3 bxa3 12. d3
Qa5+ $6 (12... d5 13. exd5 Nxd5 14. Bxd5 cxd5 15. O-O Nc6 $11) 13. Qd2 Qxd2+
14. Kxd2 e6 15. Re1 $6 (15. e5 dxe5 16. fxe5 Nfd7 17. d4 c5 18. c3 $16) 15...
O-O 16. e5 Nh5 17. g3 d5 18. Bb3 c5 $6 (18... Nd7 19. c3 Re8 20. Nd4 Ra6 21.
Nec2 $18) 19. c4 $6 (19. Nxd5 Ra7 20. Nc3 Nc6 21. Ke2 $18) 19... d4 20. Nc2 Bd7
21. Ke2 Nc6 $6 (21... f5 22. exf6 Bxf6 23. Bxa3 Ra5 24. Kf2 $16) 22. g4 Na5 (
22... Nxf4+ 23. Bxf4 f6 24. exf6 e5 25. Bc1 Bxg4 $18) 23. gxh5 Nxb3 24. axb3 a2
25. Ra1 Rab8 26. Ba3 Rxb3 27. Rxa2 (27. Nd2 Rb7 28. Ne4 Rc7 29. Nxc5 Ra8 30.
Nxd7 Rxd7 $18) 27... Bc6 28. Nd2 Rc3 $6 (28... Rxa3 29. Rxa3 Rb8 30. hxg6 hxg6
31. Ra5 Bf8 $18) 29. Rea1 (29. Bxc5 Rxc2 30. Rxc2 Rd8 31. hxg6 fxg6 32. Nf3 $18
) 29... Rc8 30. Bxc5 Bf3+ 31. Nxf3 Rxc5 32. Ra8+ Bf8 {Diagramme #} 33. Nfxd4 (
33. Ncxd4 Rc7 34. Kd2 R3xc4 35. dxc4 Rxc4 $18) 33... Kg7 34. h6+ Kg8 $4 (34...
Kxh6 35. Rxf8 Rxc2+ 36. Nxc2 $18) 35. Kd2 (35. Nxe6 Rxc2+ 36. Kd1 fxe6 37. R1a7
Rd2+ 38. Kxd2 Rc8 39. Rxc8 g5 40. Rg7+ (40. fxg5 Kh8 41. Rxf8#) 40... Kh8 41.
Rxf8#) 35... Rxc2+ 36. Kxc2 Rc7 37. Rb8 Rd7 (37... Rb7 38. Rd8 f5 39. Raa8 Kf7
40. Rxf8+ Ke7 41. Rh8 Rb2+ 42. Kxb2 g5 43. Rxh7#) 38. Raa8 (38. Raa8 Rd8 39.
Rxd8 g5 40. Rxf8#) 1-0

[Event "Régionale 1 - Verdun - EFE"]
[Site "?"]
[Date "2007.03.04"]
[Round "6.3"]
[White "Bassand, Thierry"]
[Black "Martinez, Patrick"]
[Result "0-1"]
[WhiteElo "1730"]
[BlackElo "1980"]
[PlyCount "54"]
[SourceDate "2006.10.14"]

1. e4 d6 2. d4 Nf6 3. Bd3 g6 4. h3 Bg7 5. Be3 c5 6. c3 cxd4 7. Bxd4 Nc6 8. Be3
O-O 9. Nd2 Be6 10. Ngf3 Rc8 11. Nd4 Ne5 12. Be2 Bc4 13. f4 Nd3+ 14. Bxd3 Bxd3
15. Qf3 Qa5 16. f5 d5 17. fxg6 $6 (17. e5 Ne4 18. Bf4 Qa6 19. N2b3 g5 20. Bh2
$17) 17... fxg6 18. Bf4 $6 (18. e5 Nd7 19. Qg4 Nxe5 20. Qe6+ Nf7 21. Kf2 Bf6
$19) 18... dxe4 19. Qf2 Nd5 {Diagramme #} 20. g3 $6 (20. N4b3 Qb5 21. a4 Qc6
22. Qxa7 Nxf4 23. Rh2 $19) 20... e5 21. Ne6 exf4 22. Nxe4 fxg3 23. Qxg3 Nxc3
24. Nd2 Rce8 25. Qd6 Ne4 (25... Qh5 26. Qxf8+ Rxf8 27. Nf3 Qxf3 28. Kd2 Ne4+
29. Kc1 Qxh1#) 26. b4 Nxd6 27. bxa5 Bxa1 (27... Rxe6+ 28. Kd1 Be2+ 29. Kc2 Rc8+
30. Nc4 Nxc4 31. Rac1 Nb2+ 32. Kb1 Bd3+ 33. Rc2 Bxc2+ 34. Kc1 Re2 35. Rf1 Nd3#)
0-1

[Event "Régionale 1 - Verdun - EFE"]
[Site "?"]
[Date "2007.03.04"]
[Round "6.4"]
[White "Paturaux, Laurent"]
[Black "Brunat, David"]
[Result "1-0"]
[WhiteElo "1880"]
[BlackElo "1600"]
[PlyCount "85"]
[SourceDate "2006.10.14"]

1. d4 d5 2. c4 e6 3. Nf3 Nc6 4. e3 Nf6 5. a3 b6 6. Nc3 Bd6 7. Bd2 Na5 8. cxd5
exd5 9. b4 Nb7 10. Bd3 Qe7 11. Rc1 Bg4 12. h3 Bd7 13. Qb3 c6 14. O-O Ne4 15.
Ne2 O-O 16. Bc3 Rfb8 17. Rfe1 Nxc3 18. Nxc3 a5 19. b5 Rc8 20. a4 Bb4 21. Red1
Nd6 $6 (21... Qd6 22. Ne5 Nc5 23. dxc5 Qxe5 24. cxb6 Rab8 25. Na2 Bd6 26. bxc6
Bxc6 27. Ba6 $16) 22. bxc6 Rxc6 23. Nxd5 Qe6 {Diagramme #} 24. Ne5 $6 (24. Rb1
Rcc8 25. Ng5 Qe8 26. Nxb4 Qe7 27. Qd5 axb4 $18) 24... Rxc1 25. Rxc1 Rc8 26. Rb1
Bc6 27. Nxc6 Rxc6 28. Nxb4 {Diagramme #} 28... axb4 $6 (28... Rc1+ 29. Kh2 Rxb1
30. Qxb1 axb4 31. Qxb4 Nc8 32. e4 $18) 29. Qxe6 fxe6 30. Rxb4 Rc1+ 31. Kh2 Rc6
32. Be2 Nf5 33. Bf3 Rd6 34. g4 Nh4 35. Kg3 Ng6 36. Rb5 Kf7 37. Be4 Nf8 38. a5
bxa5 39. Rxa5 Nd7 40. Ra7 Kf6 41. Bd3 Nf8 42. f4 Rb6 $4 (42... h6 43. Bb5 Rd8
44. e4 Rxd4 45. Be8 Rd3+ 46. Kf2 e5 47. Rf7+ Ke6 48. f5+ Kd6 49. Rxf8 Ke7 50.
Bb5 Rxh3 51. Re8+ Kf6 52. Be2 $18) 43. g5# 1-0

[Event "Régionale 1 - Verdun - EFE"]
[Site "?"]
[Date "2007.03.04"]
[Round "6.5"]
[White "Slinkman, Yohan"]
[Black "Bazille, Reynald"]
[Result "0-1"]
[WhiteElo "1540"]
[BlackElo "1850"]
[PlyCount "86"]
[SourceDate "2006.10.14"]

1. e4 e6 2. d4 d5 3. e5 c5 4. c3 Nc6 5. Bb5 Bd7 6. Ne2 Qb6 7. Ba4 Nge7 8. Bc2
cxd4 9. cxd4 Nb4 10. Nd2 Rc8 11. Bb1 Bb5 12. Nb3 Nec6 13. Be3 Ba4 14. O-O Na5
15. Bd2 Bxb3 16. axb3 Nac6 17. Bc3 Be7 18. Qd2 O-O 19. Rc1 f6 20. exf6 Bxf6 21.
Rd1 e5 22. Ra4 a5 23. Bf5 Rce8 24. Bd7 Re7 25. Bxc6 Nxc6 26. b4 $6 (26. dxe5
Bxe5 27. Qxd5+ Ref7 28. Nd4 Bxd4 29. Bxd4 Nxd4 30. Raxd4 $14) 26... exd4 27.
Bxd4 Nxd4 {Diagramme #} 28. bxa5 $6 (28. Nc3 Qc6 29. b5 Qc5 30. h3 Bh4 31. Rxd4
Bxf2+ 32. Kh2 Be3 33. Qd3 Qd6+ 34. Kh1 $19) 28... Nxe2+ 29. Qxe2 Rxe2 30. axb6
Rxb2 31. Kf1 d4 32. Ra7 Rxb6 33. Ke2 Rb2+ 34. Rd2 $6 (34. Kd3 Rxf2 35. Rd2
Rxd2+ 36. Kxd2 Rb8 37. Kd3 Kf7 $19) 34... d3+ 35. Kxd3 Rd8+ 36. Ke3 Rdxd2 37.
Ra8+ Kf7 38. Ra4 Rxf2 39. g4 Rxh2 40. Kf4 Rbe2 41. Rb4 Be5+ 42. Kg5 h6+ 43. Kf5
g6# 0-1